| 000 | 00585nam a22002177a 4500 | ||
|---|---|---|---|
| 003 | OSt | ||
| 005 | 20220107122726.0 | ||
| 008 | 131227b xxu||||| |||| 00| 0 eng d | ||
| 020 | _a970262691918 | ||
| 040 | _cIIITM-K | ||
| 082 | _a300.11 SIM/S | ||
| 100 |
_aSimon, Herbert A _92600 |
||
| 245 |
_aThe sciences of the artificial _cby Herbert A Simon |
||
| 250 | _a3rd ed. | ||
| 260 |
_aLondon, _bMIT Press, _c1996. |
||
| 300 | _axiv, 231p. | ||
| 650 |
_aARTIFICIAL INTELLIGENCE _92601 |
||
| 650 |
_aSYSTEM COMPLEXITY _92602 |
||
| 650 |
_aGENETICS ALGORITHMS _92603 |
||
| 942 |
_2ddc _cBK |
||
| 999 |
_c3434 _d3434 |
||